000 00637pam a2200193 a 4500
020 _a0824785746 (acidfree paper)
082 0 0 _a658.562
_bCOU
_cL-37, P-101
100 1 _aCound, Dana M.,
_944735
245 1 2 _aA leader's journey to quality /
_cDana M. Cound.
260 _aMilwaukee :
_bASQC Quality Press ;
_aNew York :
_bM. Dekker,
_cc1992.
300 _axiv, 184 p. :
_bill. ;
_c24 cm.
500 _aIncludes index.
526 _a0
_b0
_c0
_d658_562000000000000_COU
650 0 _aLeadership.
_9300
650 0 _aQuality assurance.
_9871
650 0 _aQuality control.
_9869
650 0 _aTotal quality management.
_9872
942 _2ddc
_cBK
999 _c548442
_d548442